00374 a2200145 4500245003800000020001500038250001200053700001900065005001700084260003100101084002400132300003800156500001900194999001500213 aCloudsplitterb : a novelhprint a0060168609 a1st ed. aBanks, Russell20191017172352.0 anyubHarperFlamingocc1998 aPS3552.A49 C57 1998 a758 p. b 25 cm.c758 p. ; 25 cm. aRussell Banks. c8795d8795